[Event "Quebec op"]
[Site "Montreal CAN"]
[Date "2000.07.24"]
[Round "4"]
[White "Gagnon, Michel"]
[Black "Grondin, Jean-Philippe"]
[Result "0-1"]
[WhiteElo "2193"]
[BlackElo "2107"]
[PlyCount "80"]
[GameId "2160767911653106"]
[EventDate "2000.07.22"]
[EventType "swiss"]
[EventRounds "9"]
[EventCountry "CAN"]

1. d4 d5 2. Nf3 Nf6 3. e3 g6 4. Bd3 Bg7 5. Nbd2 O-O 6. O-O b6 7. Qe2 Bb7 8. e4 dxe4 9. Nxe4 Nbd7 10. Rd1 Nxe4 11. Bxe4 Bxe4 12. Qxe4 Nf6 13. Qe2 Qd6 14. c3 e6 15. Bg5 Rfe8 16. h3 Nd5 17. Qe4 h6 18. Bd2 c5 19. dxc5 Qxc5 20. Qh4 Qe7 21. Qa4 a6 22. c4 b5 23. cxb5 axb5 24. Qb3 Reb8 25. Re1 Qa7 26. Be3 Qa4 27. Qd3 Qc4 28. Qd2 Nxe3 29. fxe3 Rxa2 30. Rac1 Qb3 31. Qd6 Rf8 32. Rb1 Rxb2 33. Rxb2 Qxb2 34. e4 Bc3 35. Rd1 b4 36. Qd3 Ra8 37. e5 Ra2 38. Qd8+ Kh7 39. Ng5+ hxg5 40. Qxg5 Bxe5 0-1

[Event "Quebec op"]
[Site "Montreal CAN"]
[Date "2000.07.24"]
[Round "4"]
[White "Grigoriants, Sergey"]
[Black "Sarwer, Jeff"]
[Result "1-0"]
[WhiteElo "2503"]
[BlackElo "2164"]
[PlyCount "135"]
[GameId "2160767911653107"]
[EventDate "2000.07.22"]
[EventType "swiss"]
[EventRounds "9"]
[EventCountry "CAN"]

1. c4 e5 2. g3 f5 3. Bg2 Nf6 4. Nc3 d6 5. e3 Be7 6. Nge2 c6 7. O-O Be6 8. b3 d5 9. cxd5 cxd5 10. f4 e4 11. Nd4 Qd7 12. Ncb5 Na6 13. Bh3 g6 14. Ba3 Bxa3 15. Nxa3 O-O 16. Nac2 Nc5 17. Qb1 Rac8 18. Rd1 Qe7 19. Bf1 Bd7 20. Qb2 Ne8 21. Rac1 Ng7 22. Nb4 Qd6 23. Nxd5 Nd3 24. Bxd3 exd3 25. Nc3 Ne6 26. Ncb5 Qd5 27. Nxe6 Qxe6 28. Nd4 Qe4 29. b4 b6 30. Qb3+ Kg7 31. Rxc8 Bxc8 32. Qc3 Kh6 33. Qc6 Qe7 34. b5 Bb7 35. Qe6 Qxe6 36. Nxe6 Rc8 37. Nd4 Bd5 38. Kf2 Bxa2 39. Ra1 Bd5 40. Rxa7 Rc1 41. Rd7 Be4 42. Nf3 Rh1 43. h3 Rxh3 44. Rxh7+ Kxh7 45. Ng5+ Kg7 46. Nxh3 Bd5 47. Ke1 Bc4 48. Kd1 Bxb5 49. Kc1 Kf6 50. Kb2 Ke6 51. Kc3 Kf6 52. Ng5 Ke7 53. Nf3 Kf6 54. Ne5 g5 55. Kb4 gxf4 56. gxf4 Be8 57. Nc4 Ke6 58. Nxb6 Kd6 59. Kc3 Bb5 60. Nc4+ Kc5 61. Ne5 Kd5 62. Nxd3 Ke4 63. Ne5 Ba6 64. Kb4 Bb7 65. Kc5 Bc8 66. Kd6 Ba6 67. Nd7 Kf3 68. Nc5 1-0

[Event "Quebec op"]
[Site "Montreal CAN"]
[Date "2000.07.24"]
[Round "4"]
[White "Ibrahim, Anthony"]
[Black "Roy, Guy"]
[Result "0-1"]
[WhiteElo "2202"]
[BlackElo "2089"]
[PlyCount "60"]
[GameId "2160767911653108"]
[EventDate "2000.07.22"]
[EventType "swiss"]
[EventRounds "9"]
[EventCountry "CAN"]

1. e4 b6 2. d4 Bb7 3. Bd3 e6 4. Nf3 Nf6 5. Qe2 Be7 6. c4 d6 7. O-O Nc6 8. Nc3 e5 9. d5 Nb8 10. b4 O-O 11. c5 dxc5 12. bxc5 Bxc5 13. Nxe5 Bd4 14. Nc6 Bxc6 15. dxc6 Bxc3 16. Rb1 Re8 17. Qc2 Bd4 18. Ba3 Ng4 19. Bc4 Qf6 20. Rb3 Ne5 21. Bd5 Nbxc6 22. Kh1 Na5 23. f4 Nxb3 24. Qd1 Ng6 25. e5 Qf5 26. Bxa8 Rxa8 27. axb3 c5 28. Qf3 Rf8 29. g4 Qd7 30. Bc1 Nh4 0-1

[Event "Quebec op"]
[Site "Montreal CAN"]
[Date "2000.07.24"]
[Round "4"]
[White "Khaziyeva, Dinara"]
[Black "Caceres Cortes, Julio"]
[Result "1/2-1/2"]
[WhiteElo "1888"]
[BlackElo "1970"]
[PlyCount "68"]
[GameId "2160767911653109"]
[EventDate "2000.07.22"]
[EventType "swiss"]
[EventRounds "9"]
[EventCountry "CAN"]

1. c4 c6 2. Nf3 Nf6 3. g3 d5 4. b3 Bf5 5. Bg2 e6 6. O-O Nbd7 7. Bb2 Bd6 8. d3 O-O 9. Nbd2 h6 10. Re1 Bh7 11. e4 dxe4 12. Nxe4 Nxe4 13. dxe4 Nc5 14. Qd4 f6 15. Rad1 Be7 16. Qe3 Qe8 17. e5 f5 18. Ba3 Ne4 19. Bxe7 Qxe7 20. Nd4 Rad8 21. f4 Rfe8 22. Bxe4 fxe4 23. Nc2 Rd3 24. Rxd3 exd3 25. Nd4 Rd8 26. Rd1 Qc5 27. Nf5 Qa3 28. Nd6 Qxa2 29. Nxb7 Qxb3 30. Nxd8 Qxd1+ 31. Kg2 d2 32. Nxc6 Qe1 33. Ne7+ Kf7 34. Qxa7 Qe2+ 1/2-1/2

[Event "Quebec op"]
[Site "Montreal CAN"]
[Date "2000.07.24"]
[Round "4"]
[White "Kulagin, Maxim"]
[Black "Pnevmonidis, Pantelis"]
[Result "0-1"]
[WhiteElo "1895"]
[BlackElo "2224"]
[PlyCount "90"]
[GameId "2160767911653110"]
[EventDate "2000.07.22"]
[EventType "swiss"]
[EventRounds "9"]
[EventCountry "CAN"]

1. e4 d6 2. Nf3 c5 3. c3 Nf6 4. h3 g6 5. Bd3 Bg7 6. Bc2 Nc6 7. O-O O-O 8. Re1 Nd7 9. d4 cxd4 10. cxd4 e5 11. d5 Nb4 12. Ba4 a5 13. Nc3 Nc5 14. Bb5 Bd7 15. Bf1 h6 16. Be3 Nba6 17. Nd2 Qc7 18. Rc1 Rfc8 19. Nb5 Bxb5 20. Bxb5 Qe7 21. f3 Bf6 22. Nc4 Qd8 23. Qd2 Nc7 24. Nxd6 Nxe4 25. fxe4 Qxd6 26. Ba4 b5 27. Rc6 Qd8 28. Bb3 a4 29. Bd1 Ne8 30. Bb6 Qe7 31. Qc2 Nd6 32. Bc7 Nc4 33. d6 Qd7 34. Rc5 h5 35. b3 axb3 36. axb3 Bh4 37. Re2 Rxc7 38. Rxc7 Qxd6 39. Rb7 Ra1 40. bxc4 Rxd1+ 41. Kh2 Qd4 42. Rf2 Bxf2 43. Rxb5 Bg1+ 44. Kh1 Be3+ 45. Kh2 Bf4+ 0-1

[Event "Quebec op"]
[Site "Montreal CAN"]
[Date "2000.07.24"]
[Round "4"]
[White "Kurenkov, Nikolai"]
[Black "Evelev, Vladimir"]
[Result "1/2-1/2"]
[WhiteElo "2329"]
[BlackElo "2452"]
[PlyCount "28"]
[GameId "2160767911653111"]
[EventDate "2000.07.22"]
[EventType "swiss"]
[EventRounds "9"]
[EventCountry "CAN"]
[SourceTitle "EXT 2002"]
[Source "ChessBase"]
[SourceDate "2001.11.25"]
[SourceVersion "1"]
[SourceVersionDate "2001.11.25"]
[SourceQuality "1"]

1. d4 d5 2. c4 e6 3. Nf3 Nf6 4. Nc3 Be7 5. Bg5 O-O 6. e3 Nbd7 7. Rc1 c6 8. Bd3 dxc4 9. Bxc4 Nd5 10. Bxe7 Qxe7 11. O-O Nxc3 12. Rxc3 e5 13. dxe5 Nxe5 14. Nxe5 Qxe5 1/2-1/2

[Event "Quebec op"]
[Site "Montreal CAN"]
[Date "2000.07.24"]
[Round "4"]
[White "Mikanovic, Goran"]
[Black "Soudre, Nicolas"]
[Result "1-0"]
[WhiteElo "2336"]
[BlackElo "2094"]
[PlyCount "81"]
[GameId "2160767911653112"]
[EventDate "2000.07.22"]
[EventType "swiss"]
[EventRounds "9"]
[EventCountry "CAN"]

1. d4 c5 2. d5 g6 3. e4 Bg7 4. Nf3 d6 5. h3 Nf6 6. Nc3 O-O 7. Be2 Na6 8. O-O Nc7 9. a4 Bd7 10. Re1 Be8 11. Bf4 a6 12. Qd2 b5 13. Bf1 bxa4 14. Nxa4 Rb8 15. Bh2 Rb4 16. Nc3 Rxb2 17. e5 dxe5 18. Bxe5 Rb6 19. Rad1 Bb5 20. Nxb5 Nxb5 21. Qa5 Nd7 22. Bxg7 Kxg7 23. Ne5 Nxe5 24. Rxe5 Qd6 25. Rxe7 Nd4 26. c4 Rfb8 27. Qe1 Kf8 28. Re4 Rb3 29. Qd2 Rxh3 30. f4 Rh4 31. Qe3 Rb3 32. Re8+ Kg7 33. Qe5+ Qxe5 34. fxe5 Re4 35. d6 Rb7 36. Bd3 Rg4 37. Kf2 Ne6 38. Be2 Re4 39. Bf3 Rb2+ 40. Kf1 Rxc4 41. d7 1-0

[Event "Quebec op"]
[Site "Montreal CAN"]
[Date "2000.07.24"]
[Round "4"]
[White "Postnikova, Anna"]
[Black "Sasseville, Jean"]
[Result "0-1"]
[WhiteElo "1769"]
[BlackElo "1950"]
[PlyCount "92"]
[GameId "2160767911653113"]
[EventDate "2000.07.22"]
[EventType "swiss"]
[EventRounds "9"]
[EventCountry "CAN"]

1. e4 c5 2. Nf3 Nc6 3. d4 cxd4 4. Nxd4 e6 5. Nc3 Qc7 6. Be3 a6 7. a4 Nf6 8. Be2 Bb4 9. Bd3 d5 10. exd5 Nxd5 11. Nde2 Nxe3 12. fxe3 O-O 13. O-O Bc5 14. Ng3 Bxe3+ 15. Kh1 Ne5 16. Be2 f5 17. Qe1 Rd8 18. Rd1 Rxd1 19. Qxd1 Bd7 20. Nh5 Ng6 21. Bd3 Bd4 22. Qa1 Be5 23. Ne2 Bxh2 24. g3 Bxg3 25. Nhxg3 Bc6+ 26. Kg1 Qe5 27. b3 Qe3+ 28. Rf2 Ne5 29. Qc1 f4 30. Qxe3 fxe3 31. Rf4 g5 32. Rf6 Nf3+ 33. Kf1 e5 34. Nf5 Nd2+ 35. Ke1 e4 36. Nxe3 exd3 37. Kxd2 dxe2 38. Kxe2 Kg7 39. Rf2 Re8 40. Kd2 h5 41. Rh2 Kg6 42. Ke2 g4 43. Kf2 g3+ 44. Kxg3 Rxe3+ 45. Kf4 Re4+ 46. Kg3 Kg5 0-1

[Event "Quebec op"]
[Site "Montreal CAN"]
[Date "2000.07.24"]
[Round "4"]
[White "Poulin, Maurice"]
[Black "Moss, Laurent"]
[Result "1/2-1/2"]
[WhiteElo "2108"]
[BlackElo "2035"]
[PlyCount "70"]
[GameId "2160767911653114"]
[EventDate "2000.07.22"]
[EventType "swiss"]
[EventRounds "9"]
[EventCountry "CAN"]

1. e4 c5 2. Nf3 d6 3. Bb5+ Bd7 4. Bxd7+ Qxd7 5. c4 e5 6. Nc3 Nc6 7. d3 g6 8. Nd5 Nce7 9. h4 Nxd5 10. cxd5 h5 11. Be3 Bh6 12. Ng5 Nf6 13. f3 Nh7 14. Nxh7 Rxh7 15. Bxh6 Rxh6 16. Qd2 Rh8 17. Ke2 f6 18. b4 cxb4 19. Qxb4 Kf7 20. Rab1 b6 21. Rhc1 Rhc8 22. Kd2 Rxc1 23. Rxc1 Ke7 24. Rc6 Rc8 25. Qc4 Rxc6 26. dxc6 Qc7 27. Kc3 a6 28. a4 b5 29. axb5 Qa5+ 30. Kb3 axb5 31. Qg8 Qa4+ 32. Kb2 Qd4+ 33. Ka2 Qa4+ 34. Kb2 Qd4+ 35. Ka2 Qa4+ 1/2-1/2

[Event "Quebec op"]
[Site "Montreal CAN"]
[Date "2000.07.24"]
[Round "4"]
[White "Prahov, Valentin"]
[Black "Goldenberg, Danny"]
[Result "0-1"]
[WhiteElo "2229"]
[BlackElo "2310"]
[PlyCount "118"]
[GameId "2160767911653115"]
[EventDate "2000.07.22"]
[EventType "swiss"]
[EventRounds "9"]
[EventCountry "CAN"]
[SourceTitle "EXT 2002"]
[Source "ChessBase"]
[SourceDate "2001.11.25"]
[SourceVersion "1"]
[SourceVersionDate "2001.11.25"]
[SourceQuality "1"]

1. e4 c5 2. Nf3 Nc6 3. Nc3 e5 4. Bc4 Be7 5. d3 d6 6. h3 Nf6 7. O-O O-O 8. a4 a6 9. Qe2 Rb8 10. Be3 Nd4 11. Bxd4 exd4 12. Nd5 Nxd5 13. Bxd5 Be6 14. Bxe6 fxe6 15. e5 d5 16. Nh2 Qc7 17. f4 c4 18. g4 Rbc8 19. f5 Bg5 20. fxe6 Be3+ 21. Kg2 cxd3 22. cxd3 Qxe5 23. Rxf8+ Rxf8 24. Rf1 Rxf1 25. Nxf1 Qxe6 26. Ng3 g6 27. Nf1 Kg7 28. Kf3 Qf6+ 29. Kg2 Qe5 30. Kf3 Qf4+ 31. Kg2 Kf6 32. Qc2 Kf7 33. Nh2 h5 34. Qe2 Ke6 35. Qc2 Kd7 36. b4 h4 37. Nf1 Qd6 38. Qb3 Kc7 39. a5 Qf8 40. Qc2+ Kd7 41. Qa2 Kc8 42. Qc2+ Kb8 43. Qb2 Ka8 44. Nh2 Qc8 45. Nf1 Qc1 46. Qe2 Kb8 47. Kf3 Bf4 48. g5 Qc8 49. Qg2 Qf5 50. Ke2 Bxg5 51. Nh2 Qe5+ 52. Kf1 Qf4+ 53. Nf3 Qc1+ 54. Kf2 Be3+ 55. Ke2 Qc2+ 56. Kf1 Qxd3+ 57. Ke1 Qb1+ 58. Ke2 Qc2+ 59. Kf1 d3 0-1

[Event "Quebec op"]
[Site "Montreal CAN"]
[Date "2000.07.24"]
[Round "4"]
[White "Razdolksky, Ilija"]
[Black "Raheb, David"]
[Result "0-1"]
[WhiteElo "2143"]
[BlackElo "2098"]
[PlyCount "64"]
[GameId "2160767911653116"]
[EventDate "2000.07.22"]
[EventType "swiss"]
[EventRounds "9"]
[EventCountry "CAN"]

1. e4 c5 2. Nc3 Nc6 3. g3 g6 4. Bg2 Bg7 5. d3 d6 6. Be3 e6 7. Qd2 Rb8 8. Nge2 Nd4 9. Nd1 b5 10. c3 Nxe2 11. Qxe2 Ne7 12. O-O O-O 13. f4 f5 14. Nf2 b4 15. d4 cxd4 16. Bxd4 Bxd4 17. cxd4 Qb6 18. Qd2 Bb7 19. Rfe1 Rbd8 20. Rad1 e5 21. Qe3 fxe4 22. fxe5 Nf5 23. Qb3+ Kh8 24. Nxe4 Nxd4 25. Qe3 dxe5 26. Nf2 Rde8 27. Bxb7 Qxb7 28. Rxd4 exd4 29. Qxd4+ Qg7 30. Qxb4 Rxe1+ 31. Qxe1 Qxb2 32. Ng4 Qd4+ 0-1

[Event "Quebec op"]
[Site "Montreal CAN"]
[Date "2000.07.24"]
[Round "4"]
[White "Sakr, Nassim"]
[Black "Luksza, Arkadiusz"]
[Result "0-1"]
[WhiteElo "2193"]
[BlackElo "2063"]
[PlyCount "122"]
[GameId "2160767911653118"]
[EventDate "2000.07.22"]
[EventType "swiss"]
[EventRounds "9"]
[EventCountry "CAN"]

1. e4 d6 2. b3 Nf6 3. d3 g6 4. Bb2 Bg7 5. Nd2 c5 6. Ngf3 Nc6 7. Be2 O-O 8. O-O Qc7 9. a4 b6 10. Nc4 Bb7 11. Qd2 Rad8 12. Qf4 e5 13. Qd2 d5 14. exd5 Nxd5 15. Rae1 Rfe8 16. Bd1 Nd4 17. Nxd4 exd4 18. Bf3 Qd7 19. Bc1 h6 20. g3 Rxe1 21. Rxe1 Nb4 22. Bxb7 Qxb7 23. Re4 Qc8 24. Qe2 Nd5 25. Qf3 Qf5 26. Qg2 Nf6 27. Re1 Qd5 28. Qh3 Qd7 29. Qf1 Re8 30. h4 Nd5 31. Bd2 Re6 32. Re4 f5 33. Rxe6 Qxe6 34. Qe1 Kf7 35. Qc1 h5 36. Bf4 Nc3 37. Qd2 Kg8 38. Bb8 a6 39. Qg5 b5 40. Qd8+ Kh7 41. axb5 axb5 42. Nb2 Qe1+ 43. Kg2 Ne2 44. Qd5 Qg1+ 45. Kh3 Qxf2 46. Qg2 Ng1+ 47. Kh2 Nf3+ 48. Kh3 Qxg2+ 49. Kxg2 Ne1+ 50. Kf2 Nxc2 51. Bd6 Na1 52. Bxc5 Nxb3 53. Bb6 Be5 54. Kf3 Kg7 55. Nd1 Nc1 56. Nf2 Kf7 57. Bc5 Ke6 58. Bf8 Na2 59. Ba3 b4 60. Bb2 Nc3 61. Nh3 Na4 0-1

[Event "Quebec op"]
[Site "Montreal CAN"]
[Date "2000.07.24"]
[Round "4"]
[White "St Amand, Paul Jr"]
[Black "Khassanov, Marat"]
[Result "0-1"]
[WhiteElo "2214"]
[BlackElo "2338"]
[PlyCount "70"]
[GameId "2160767911653119"]
[EventDate "2000.07.22"]
[EventType "swiss"]
[EventRounds "9"]
[EventCountry "CAN"]
[SourceTitle "EXT 2002"]
[Source "ChessBase"]
[SourceDate "2001.11.25"]
[SourceVersion "1"]
[SourceVersionDate "2001.11.25"]
[SourceQuality "1"]

1. e4 Nc6 2. Nf3 d5 3. exd5 Qxd5 4. Nc3 Qa5 5. d4 Bg4 6. Be2 O-O-O 7. Be3 Nf6 8. h3 Bxf3 9. Bxf3 e5 10. d5 Bb4 11. Bd2 Nd4 12. O-O Rhe8 13. Re1 e4 14. Bxe4 Nxe4 15. Rxe4 Rxe4 16. Nxe4 Qxd5 17. Nc3 Qe6 18. a3 Bxc3 19. bxc3 Ne2+ 20. Kh1 Nxc3 21. Qf3 Rxd2 22. Qxc3 Qf6 23. Qxd2 Qxa1+ 24. Kh2 Qxa3 25. g3 Qc5 26. Qf4 f5 27. c4 a5 28. Kg2 Kb8 29. Qg5 g6 30. Qd8+ Ka7 31. Qd2 a4 32. Qc2 b5 33. Qd2 b4 34. Qh6 b3 35. Qxh7 Qc6+ 0-1

[Event "Quebec op"]
[Site "Montreal CAN"]
[Date "2000.07.24"]
[Round "4"]
[White "Terminasov, Zaven"]
[Black "Strassmann, Swantje"]
[Result "0-1"]
[WhiteElo "1800"]
[BlackElo "2070"]
[PlyCount "50"]
[GameId "2160767911653120"]
[EventDate "2000.07.22"]
[EventType "swiss"]
[EventRounds "9"]
[EventCountry "CAN"]

1. e4 Nc6 2. Nf3 d6 3. d4 Nf6 4. Bb5 a6 5. Bxc6+ bxc6 6. Qd3 Bg4 7. Nc3 e6 8. h3 Bh5 9. O-O Be7 10. b3 O-O 11. Bb2 d5 12. exd5 cxd5 13. Ne5 Bd6 14. Bc1 c5 15. Bg5 cxd4 16. Qxd4 Rc8 17. Rfe1 Be7 18. Rac1 Qa5 19. Na4 Rxc2 20. Ra1 h6 21. Bh4 Be2 22. Nc6 Rxc6 23. Rxe2 Rfc8 24. Qb2 Qb4 25. Rd1 Qxh4 0-1

[Event "Quebec op"]
[Site "Montreal CAN"]
[Date "2000.07.24"]
[Round "4"]
[White "Trottier, Yves"]
[Black "Neacsu, Catalin"]
[Result "1/2-1/2"]
[WhiteElo "1932"]
[BlackElo "1987"]
[PlyCount "76"]
[GameId "2160767911653121"]
[EventDate "2000.07.22"]
[EventType "swiss"]
[EventRounds "9"]
[EventCountry "CAN"]

1. e4 e6 2. d4 d5 3. exd5 exd5 4. c4 Nf6 5. Nc3 c6 6. Nf3 Bb4 7. Bd3 dxc4 8. Bxc4 O-O 9. O-O Bg4 10. Be3 Nbd7 11. h3 Bh5 12. g4 Bg6 13. Ne5 Nb6 14. Bb3 Nfd5 15. Bd2 Nxc3 16. bxc3 Bd6 17. f4 Bxe5 18. fxe5 Qh4 19. Qf3 Qe7 20. Rf2 Rad8 21. Raf1 c5 22. Be3 c4 23. Bd1 Nd5 24. Bd2 b5 25. Be2 Rfe8 26. a4 a6 27. Ra1 f6 28. axb5 axb5 29. exf6 gxf6 30. Bf1 Be4 31. Qg3 Qd7 32. Bg2 Re7 33. Re1 Rde8 34. Rfe2 Bxg2 35. Qxg2 Rxe2 36. Rxe2 Rxe2 37. Qxe2 Qe7 38. Qf3 Qe6 1/2-1/2

[Event "Quebec op"]
[Site "Montreal CAN"]
[Date "2000.07.26"]
[Round "4"]
[White "Archangelsky, Mikhail"]
[Black "Lazarev, Vladimir"]
[Result "0-1"]
[WhiteElo "2430"]
[BlackElo "2478"]
[PlyCount "72"]
[GameId "2160767911653122"]
[EventDate "2000.07.22"]
[EventType "swiss"]
[EventRounds "9"]
[EventCountry "CAN"]
[SourceTitle "EXT 2002"]
[Source "ChessBase"]
[SourceDate "2001.11.25"]
[SourceVersion "1"]
[SourceVersionDate "2001.11.25"]
[SourceQuality "1"]

1. e4 c5 2. Nc3 Nc6 3. f4 g6 4. Nf3 Bg7 5. Be2 d6 6. O-O e6 7. d3 Nge7 8. Qe1 O-O 9. Qh4 f5 10. Kh1 a6 11. Nd1 b5 12. Ne3 h6 13. c3 Bb7 14. Bd2 Qd7 15. Rae1 Rae8 16. Bd1 Kh8 17. Bc2 Nd8 18. e5 Nf7 19. exd6 Qxd6 20. Nd1 Kh7 21. Re2 Ng8 22. Bc1 Nf6 23. Ne5 Nd5 24. Nxf7 Rxf7 25. Rfe1 Rfe7 26. Qg3 Bf6 27. h3 Kg7 28. Bd2 e5 29. fxe5 Bxe5 30. Qh4 g5 31. Bxg5 hxg5 32. Qxg5+ Qg6 33. Qxg6+ Kxg6 34. Rf2 Bg3 35. Rxe7 Rxe7 36. Rf1 Nf4 0-1

[Event "Quebec op"]
[Site "Montreal CAN"]
[Date "2000.07.26"]
[Round "4"]
[White "Golts, Roman"]
[Black "Gruzmann, Boris"]
[Result "0-1"]
[WhiteElo "2192"]
[BlackElo "2302"]
[PlyCount "102"]
[GameId "2160767911653124"]
[EventDate "2000.07.22"]
[EventType "swiss"]
[EventRounds "9"]
[EventCountry "CAN"]
[SourceTitle "EXT 2002"]
[Source "ChessBase"]
[SourceDate "2001.11.25"]
[SourceVersion "1"]
[SourceVersionDate "2001.11.25"]
[SourceQuality "1"]

1. e4 c5 2. Nf3 d6 3. d4 cxd4 4. Nxd4 Nf6 5. Nc3 a6 6. f4 e5 7. Nf3 Qc7 8. Bd3 Nbd7 9. O-O b5 10. a3 Bb7 11. Kh1 Be7 12. Qe1 Rd8 13. b4 O-O 14. a4 Rc8 15. Bd2 bxa4 16. Nxa4 exf4 17. Bxf4 Rfe8 18. Nd2 Bf8 19. Qf2 Ng4 20. Qg3 Nge5 21. Nb2 Qc3 22. Na4 Qc7 23. Nb2 Re6 24. Nbc4 Rce8 25. Nxe5 dxe5 26. Be3 Rg6 27. Qf2 Rf6 28. Qe2 Bxb4 29. Nc4 Rxf1+ 30. Rxf1 Nf8 31. Nb6 a5 32. Bc4 Ne6 33. Nd5 Bxd5 34. exd5 Nd8 35. Bb5 Rf8 36. c4 f5 37. Qf2 Nb7 38. Bb6 Qe7 39. Bc6 Bc5 40. Bxc5 Nxc5 41. Qa2 e4 42. Qxa5 e3 43. Qc3 f4 44. Kg1 h6 45. Rd1 Qh4 46. Qb2 Qg4 47. Rd4 Ne4 48. d6 f3 49. Bd5+ Kh8 50. Bxe4 f2+ 51. Kf1 e2+ 0-1

[Event "Quebec op"]
[Site "Montreal CAN"]
[Date "2000.07.26"]
[Round "4"]
[White "Nicula, Marius"]
[Black "Dvoretskij, Alexey"]
[Result "1/2-1/2"]
[WhiteElo "2225"]
[BlackElo "2098"]
[PlyCount "80"]
[GameId "2160767911653126"]
[EventDate "2000.07.22"]
[EventType "swiss"]
[EventRounds "9"]
[EventCountry "CAN"]
[SourceTitle "EXT 2002"]
[Source "ChessBase"]
[SourceDate "2001.11.25"]
[SourceVersion "1"]
[SourceVersionDate "2001.11.25"]
[SourceQuality "1"]

1. e4 e5 2. Nf3 Nf6 3. Nc3 Nc6 4. Bb5 Bb4 5. O-O O-O 6. d3 d6 7. Bg5 Bxc3 8. bxc3 Qe7 9. Re1 Nd8 10. d4 Ne6 11. Bc1 c6 12. Bf1 Nc7 13. a4 Bg4 14. Qd3 c5 15. d5 Nd7 16. h3 Bh5 17. c4 Bg6 18. g4 h5 19. Bg5 f6 20. Bd2 hxg4 21. hxg4 Bh7 22. Nh4 g5 23. Nf5 Bxf5 24. gxf5 Rf7 25. Kg2 Rh7 26. Be2 Kg7 27. Rh1 Rah8 28. Rxh7+ Rxh7 29. Qb3 b6 30. a5 Qd8 31. axb6 Qh8 32. Qg3 axb6 33. Ra7 Qb8 34. Ra1 Kf7 35. Rh1 Rxh1 36. Kxh1 Qh8+ 37. Kg2 Ne8 38. Bg4 Nc7 39. Be2 Ne8 40. Qg4 Ng7 1/2-1/2

[Event "Quebec op"]
[Site "Montreal CAN"]
[Date "2000.07.26"]
[Round "4"]
[White "Rozentalis, Eduardas"]
[Black "Pineault, Denis"]
[Result "1-0"]
[WhiteElo "2570"]
[BlackElo "2230"]
[PlyCount "57"]
[GameId "2160767911653127"]
[EventDate "2000.07.22"]
[EventType "swiss"]
[EventRounds "9"]
[EventCountry "CAN"]
[SourceTitle "EXT 2002"]
[Source "ChessBase"]
[SourceDate "2001.11.25"]
[SourceVersion "1"]
[SourceVersionDate "2001.11.25"]
[SourceQuality "1"]

1. e4 c5 2. c3 d5 3. exd5 Qxd5 4. d4 e6 5. Nf3 Nf6 6. Be3 cxd4 7. cxd4 Nc6 8. Nc3 Qd6 9. a3 Be7 10. Bd3 b6 11. O-O Bb7 12. Qe2 O-O 13. Rad1 Rad8 14. Bb1 Rfe8 15. Rfe1 Qb8 16. Bg5 g6 17. Ba2 Ng4 18. g3 Nf6 19. h4 Qa8 20. Bb1 Rd7 21. Bxf6 Bxf6 22. d5 Bxc3 23. bxc3 Na5 24. c4 Rc7 25. Ba2 Rec8 26. Ne5 exd5 27. cxd5 Rc2 28. Rd2 Rxd2 29. Qxd2 1-0

[Event "Quebec op"]
[Site "Montreal CAN"]
[Date "2000.07.25"]
[Round "5"]
[White "Abreu Cordero, Jose"]
[Black "Postnikova, Anna"]
[Result "1-0"]
[WhiteElo "2137"]
[BlackElo "1769"]
[PlyCount "73"]
[GameId "2160767911653130"]
[EventDate "2000.07.22"]
[EventType "swiss"]
[EventRounds "9"]
[EventCountry "CAN"]

1. e4 c5 2. Nf3 e6 3. d4 cxd4 4. Nxd4 Nf6 5. Bd3 d6 6. O-O Be7 7. Nc3 O-O 8. Be3 Nc6 9. f4 Qc7 10. Qe2 a6 11. Rae1 Nxd4 12. Bxd4 e5 13. Be3 exf4 14. Rxf4 Be6 15. Ref1 Nd7 16. Nd5 Bxd5 17. exd5 Ne5 18. Bd4 g6 19. h4 Rae8 20. b3 f5 21. g4 fxg4 22. Bxe5 dxe5 23. Rxg4 Rxf1+ 24. Qxf1 Rf8 25. Qg2 Bc5+ 26. Kh1 Rf2 27. Qg3 Qa5 28. b4 Qxa2 29. bxc5 Qxd5+ 30. Kg1 Rf4 31. Rxf4 exf4 32. Qxf4 Qxc5+ 33. Kg2 Qc6+ 34. Be4 Qc8 35. h5 Kg7 36. h6+ Kg8 37. Bd5+ 1-0

[Event "Quebec op"]
[Site "Montreal CAN"]
[Date "2000.07.25"]
[Round "5"]
[White "Beaulieu, Pierre"]
[Black "Antonenko, Valerija"]
[Result "1-0"]
[WhiteElo "2193"]
[BlackElo "2061"]
[PlyCount "49"]
[GameId "2160767911653131"]
[EventDate "2000.07.22"]
[EventType "swiss"]
[EventRounds "9"]
[EventCountry "CAN"]

1. e4 c5 2. Nc3 e6 3. f4 d5 4. e5 Nc6 5. Nf3 Nge7 6. Be2 Nf5 7. O-O c4 8. d3 Bc5+ 9. Kh1 cxd3 10. Bxd3 Ncd4 11. Nxd4 Nxd4 12. Be3 Nb3 13. axb3 Bxe3 14. Qg4 O-O 15. Qh5 h6 16. Rf3 Bd2 17. Nb5 Ba5 18. Rg3 Kh8 19. Nd6 Qc7 20. Qg4 g6 21. Qh4 Kg7 22. Qf6+ Kh7 23. Bxg6+ fxg6 24. Qxg6+ Kh8 25. Qxh6+ 1-0

[Event "Quebec op"]
[Site "Montreal CAN"]
[Date "2000.07.25"]
[Round "5"]
[White "Belanger, Jacques"]
[Black "Kurenkov, Nikolai"]
[Result "0-1"]
[WhiteElo "2113"]
[BlackElo "2329"]
[PlyCount "86"]
[GameId "2160767911653132"]
[EventDate "2000.07.22"]
[EventType "swiss"]
[EventRounds "9"]
[EventCountry "CAN"]

1. e4 c5 2. Nf3 e6 3. d4 cxd4 4. Nxd4 a6 5. Bd3 g6 6. c4 Bg7 7. Be3 Ne7 8. Nc3 O-O 9. O-O d5 10. cxd5 exd5 11. exd5 Nxd5 12. Nxd5 Qxd5 13. Be2 Rd8 14. Nb3 Be6 15. Bf3 Qxd1 16. Rfxd1 Nc6 17. Nc5 Rxd1+ 18. Rxd1 Bxa2 19. Nxb7 Ne5 20. Bd5 Bxd5 21. Rxd5 Rb8 22. Rd8+ Rxd8 23. Nxd8 Nc4 24. b4 Nxe3 25. fxe3 f5 26. Kf2 Be5 27. Nc6 Bd6 28. Kf3 Kf7 29. e4 fxe4+ 30. Kxe4 Bxh2 31. Kd5 Kf6 32. Nd4 Bg1 33. Ne6 Kf5 34. g4+ Kxg4 35. Nf8 h5 36. Nxg6 Bf2 37. Ke4 Be1 38. Ne5+ Kg3 39. Nd3 Bc3 40. Nc5 h4 41. Ke3 h3 42. Ne4+ Kg2 43. Nxc3 h2 0-1

[Event "Quebec op"]
[Site "Montreal CAN"]
[Date "2000.07.25"]
[Round "5"]
[White "Berezovich, Mikhail"]
[Black "Evelev, Vladimir"]
[Result "1/2-1/2"]
[WhiteElo "2164"]
[BlackElo "2452"]
[PlyCount "45"]
[GameId "2160767911653133"]
[EventDate "2000.07.22"]
[EventType "swiss"]
[EventRounds "9"]
[EventCountry "CAN"]

1. e4 c5 2. Nf3 d6 3. d4 cxd4 4. Nxd4 Nf6 5. Nc3 Nc6 6. Be2 e6 7. O-O Be7 8. Be3 O-O 9. f4 a6 10. Kh1 Qc7 11. Qe1 Nxd4 12. Bxd4 b5 13. a3 Bb7 14. Qg3 Bc6 15. Rae1 Rae8 16. Bf3 a5 17. e5 dxe5 18. Bxe5 Qb7 19. Ne4 Bxe4 20. Bxe4 Qb6 21. f5 exf5 22. Bxf5 g6 23. Bd3 1/2-1/2

[Event "Quebec op"]
[Site "Montreal CAN"]
[Date "2000.07.25"]
[Round "5"]
[White "Caceres Cortes, Julio"]
[Black "Fillion, Steve"]
[Result "0-1"]
[WhiteElo "1970"]
[BlackElo "2131"]
[PlyCount "62"]
[GameId "2160767911653134"]
[EventDate "2000.07.22"]
[EventType "swiss"]
[EventRounds "9"]
[EventCountry "CAN"]

1. e4 e6 2. d4 d5 3. Nc3 Nf6 4. Bg5 Be7 5. e5 Ne4 6. Bxe7 Qxe7 7. Nxe4 dxe4 8. c3 O-O 9. Qc2 f5 10. exf6 Qxf6 11. O-O-O Qf4+ 12. Kb1 e5 13. Bc4+ Kh8 14. dxe5 Qxe5 15. Ne2 Bf5 16. Rd5 Qe7 17. Rhd1 Nc6 18. Ng3 Bg6 19. Ka1 e3 20. Qb3 Ne5 21. R5d4 c5 22. Rd6 exf2 23. a3 Rad8 24. Rxd8 Rxd8 25. Rxd8+ Qxd8 26. Bd5 b6 27. c4 Qg5 28. Qd1 Qe3 29. Bf3 Qe1 30. Ka2 Qxd1 31. Bxd1 Bd3 0-1